Подробности
| 000 -МАРКЕР |
| контрольное поле |
01682nam2a22002291 4500 |
| 001 - ИДЕНТИФИКАТОР ЗАПИСИ |
| контрольное поле |
rc\322454 |
| 005 - ИДЕНТИФИКАТОР ВЕРСИИ |
| контрольное поле |
20250621064202.0 |
| 035 ## - ДРУГИЕ СИСТЕМНЫЕ НОМЕРА |
| Идентификатор записи |
(NLR Aleph) 005631604 |
| 100 ## - ДАННЫЕ ОБЩЕЙ ОБРАБОТКИ |
| Данные общей обработки |
20030307d1989 |||y0rusy50 ca |
| 101 0# - ЯЗЫК РЕСУРСА |
| Язык текста, звукозаписи и т.д. |
русский |
| 102 ## - СТРАНА ПУБЛИКАЦИИ ИЛИ ПРОИЗВОДСТВА |
| Страна публикации |
Российская Федерация |
| 105 ## - ПОЛЕ КОДИРОВАННЫХ ДАННЫХ: ТЕКСТОВЫЕ МАТЕРИАЛЫ, МОНОГРАФИЧЕСКИЕ |
| Кодированные данные о монографическом текстовом документе |
y ||||||||| |
| 200 0# - ЗАГЛАВИЕ И СВЕДЕНИЯ ОБ ОТВЕТСТВЕННОСТИ |
| Основное заглавие |
... по состоянию на 31.12.87 |
| Первые сведения об ответственности |
[Сост. Н.Н. Грунина и др. |
| Последующие сведения об ответственности |
Ред. В.В. Орлова] |
| 210 ## - ПУБЛИКАЦИЯ, РАСПРОСТРАНЕНИЕ И ДР. |
| Дата издания, распространения и т.д. |
1989 |
| Место издания, распространения и т.д. |
Б. м. |
| 215 ## - ФИЗИЧЕСКАЯ ХАРАКТЕРИСТИКА |
| Специфическое обозначение материала и объем |
128 с. |
| 461 #0 - УРОВЕНЬ НАБОРА |
| Встроенное поле |
001rc\322453 |
| -- |
2001#$aУказатель действующих отраслевых стандартов на технологическое оборудование для легкой промышленности, агропромышленного комплекса, торговли и общественного питания и электробытовых машин и приборов...$fМежотрасл. отд-ние ВНИИторгмаша$v... по состоянию на 31.12.87 |
| Системный номер (АБИС) связанной записи |
6580440 |
| Место публикации |
М. |
| Дата публикации |
1989 |
| Первые сведения об ответственности |
Межотрасл. отд-ние ВНИИторгмаша |
| Имя издателя, распространителя и т.д. |
Межотрасл. отд-ние ВНИИторгмаш |
| Заглавие |
Указатель действующих отраслевых стандартов на технологическое оборудование для легкой промышленности, агропромышленного комплекса, торговли и общественного питания и электробытовых машин и приборов... |
| Номер тома |
... по состоянию на 31.12.87 |
| 801 #0 - ИСТОЧНИК ЗАПИСИ |
| Страна |
Российская Федерация |
| Организация |
NLR |
| Правила каталогизации |
psbo |
| 801 #1 - ИСТОЧНИК ЗАПИСИ |
| Страна |
Российская Федерация |
| Организация |
ELAR |
| Источник данных |
rusmarc |
| 852 ## - МЕСТОНАХОЖДЕНИЕ И ШИФР ХРАНЕНИЯ |
| Идентификатор организации |
NLR |
| Наименование фонда или коллекции (Sub-Location Identifier) |
Пт |
| Шифр хранения (Call Number) |
10.1/1162-1987 |
| 942 ## - ДОПОЛНИТЕЛЬНЫЕ ЭЛЕМЕНТЫ ЗАПИСИ (АБИС) |
| Тип экземпляра АБИС |
Книга |
| 980 ## - КОЛЛЕКЦИЯ |
| Название коллекции |
Национальная библиография |